Loading...
| Current Events | 2 | 20.00 | 100% | 100% | 0% |
| Fine Arts - Auditory Fine Arts | 7 | 14.29 | 86% | 29% | 29% |
| Fine Arts - Visual Fine Arts | 5 | 16.00 | 100% | 60% | 0% |
| Geography | 5 | 14.00 | 100% | 20% | 20% |
| History - American History | 3 | 13.33 | 67% | 33% | 33% |
| History - Ancient History | 5 | 16.00 | 100% | 60% | 0% |
| History - European History | 5 | 20.00 | 100% | 80% | 20% |
| History - World History | 4 | 10.00 | 75% | 25% | 0% |
| Literature - American Literature | 5 | 16.00 | 100% | 60% | 0% |
| Literature - British Literature | 7 | 12.86 | 100% | 29% | 0% |
| Literature - European Literature | 3 | 13.33 | 100% | 33% | 0% |
| Literature - World Literature | 1 | 10.00 | 100% | 0% | 0% |
| Mythology | 2 | 5.00 | 50% | 0% | 0% |
| Other Academic | 2 | 25.00 | 50% | 100% | 100% |
| Philosophy | 8 | 13.75 | 88% | 50% | 0% |
| Religion | 4 | 12.50 | 100% | 25% | 0% |
| Science - Biology | 5 | 14.00 | 100% | 40% | 0% |
| Science - Chemistry | 4 | 15.00 | 75% | 50% | 25% |
| Science - Other Science | 7 | 15.71 | 100% | 57% | 0% |
| Science - Physics | 4 | 15.00 | 100% | 50% | 0% |
| Social Science | 6 | 15.00 | 100% | 50% | 0% |